000 00717nam a2200217 a 4500
999 _c26782
_d26782
005 20200212122035.0
008 070816s2008 nyua b 001 0 eng
010 _aENG-93712
020 _a9788174532930
_c550.00
035 _aEN-77245
037 _bDBAD / PUB
040 _adpl
_bEnglish
082 _a780.92
100 _aSharma, Lovely
245 _aWestern musicologist on Hindustani music /
_cby Lovely Sharma
260 _aNew Delhi
_bSanjay Prakashan
_c2008
270 _a4378/4D, 209 J.M.D. House, Ansari Road, Daryaganj,
_bNew Delhi
_e110002
300 _aix, 257p.:
_c23cm(Hb)
_bb&w photos
500 _aIncludes bibliographical references
942 _2ddc
_cEN
_mSHA
_h780.92